Historia del cinema catalá (Record no. 121708)
[ view plain ]
| 000 -LEADER | |
|---|---|
| campo de control de longitud fija | 00570nam a2200181 i 4500 |
| 001 - NÚMERO DE CONTROL | |
| campo de control | 121708 |
| 003 - IDENTIFICADOR DE NÚMERO DE CONTROL | |
| campo de control | ES-MaACL |
| 005 - FECHA Y HORA DE LA ÚLTIMA TRANSACCIÓN | |
| campo de control | 20230906191815.0 |
| 007 - CAMPO FIJO DE DESCRIPCIÓN FÍSICA--INFORMACIÓN GENERAL | |
| campo de control de longitud fija | t| |
| 008 - DATOS DE LONGITUD FIJA--INFORMACIÓN GENERAL | |
| campo de control de longitud fija | 070214s1969 sp r ||||1| cat d |
| 100 1# - ENTRADA PRINCIPAL--NOMBRE DE PERSONA | |
| Nombre de persona | Porter i Moix, Miquel. |
| 9 (RLIN) | 93234 |
| 245 10 - MENCIÓN DEL TÍTULO | |
| Título | Historia del cinema catalá |
| Resto del título | : (1895-1968) / |
| Mención de responsabilidad, etc. | Miquel Porter i Moix, Mª Teresa Ros Vilella. |
| 260 ## - PUBLICACIÓN, DISTRIBUCIÓN, ETC. | |
| Lugar de publicación, distribución, etc. | Barcelona : |
| Nombre del editor, distribuidor, etc. | Taber, |
| Fecha de publicación, distribución, etc. | 1969. |
| 300 ## - DESCRIPCIÓN FÍSICA | |
| Extensión | 302 p., 4 lám. : |
| Otras características físicas | il. ; |
| Dimensiones | 22 cm. |
| 650 04 - PUNTO DE ACCESO ADICIONAL DE MATERIA--TÉRMINO DE MATERIA | |
| Término de materia o nombre geográfico como elemento de entrada | Cine- |
| Subdivisión geográfica | Cataluña. |
| 9 (RLIN) | 171106 |
| 700 1# - ENTRADA AGREGADA--NOMBRE PERSONAL | |
| Nombre de persona | Ros Vilella, Mª Teresa. |
| 9 (RLIN) | 99597 |
| 852 ## - LOCALIZACIÓN | |
| Ubicación | ES-MaACL |
| Número de control de estantería | C-38627 |
| Estatus retirado | Estado de pérdida | Estado de daño | No para préstamo | Biblioteca de origen | Biblioteca actual | Ubicación en estantería | Fecha de adquisición | Fuente de adquisición | Total de préstamos | Signatura topográfica completa | Código de barras | Visto por última vez | Precio de reemplazo | Tipo de ítem Koha |
|---|---|---|---|---|---|---|---|---|---|---|---|---|---|---|
| Biblioteca del Ateneo de Madrid | Biblioteca del Ateneo de Madrid | Depósito 2 | 17/01/2008 | C-38627 | 1126833 | 23/02/2023 | 23/02/2023 | Libro impreso |
